000 00430nam a2200181Ia 4500
001 24394
005 20260414151040.0
008 260414t2018||||xx |||||||||||||| ||spa||
041 _aESP
082 _a345.7
_bG86S
100 _aGuerra-Cerrón, María Elena
_eAUT
245 0 _aSumma procesal civil
_b
260 _c2018
300 _a1492 páginas :
_c25 cm.
650 _aDER
654 _aCDE
942 _cLIB
_dJUS
_fJUS
_2ddc
_n
999 _c24394
_d24394